Hospodářské právo a hospodářské rozhodování

Uložené v:
Podrobná bibliografia
Hlavný autor: Bejček, Josef
Médium: Kniha
Jazyk:Czech
Vydavateľské údaje: Brno Univerzita J.E. Purkyně 1987
Vydanie:1. vyd.
Edícia:Spisy právnické fakulty č.68
Tagy: Pridať tag
Žiadne tagy, Buďte prvý, kto otaguje tento záznam!

MARC

LEADER 00000nam a2200000 4500
001 c023417
005 20250901080526.3
041 0 |a cze 
044 |a CZ 
245 1 0 |a Hospodářské právo a hospodářské rozhodování  |c Josef Bejček 
250 |a 1. vyd. 
264 1 |a Brno  |b Univerzita J.E. Purkyně  |c 1987 
300 |a 93 s. 
490 1 |a Spisy právnické fakulty  |v č.68 
830 0 |a Spisy právnické fakulty  |v č.68 
100 1 |a Bejček, Josef